The owl who was afraid of the dark / (Record no. 361)

MARC details
000 -LEADER
fixed length control field 01143nam a22003137a 4500
001 - CONTROL NUMBER
control field 361
003 - CONTROL NUMBER IDENTIFIER
control field FISKH
005 - DATE AND TIME OF LATEST TRANSACTION
control field 20230329105810.0
008 - FIXED-LENGTH DATA ELEMENTS--GENERAL INFORMATION
fixed length control field 230329b cb ||||| |||| 00| 0 eng d
020 ## - INTERNATIONAL STANDARD BOOK NUMBER
International Standard Book Number 9781405281843
040 ## - CATALOGING SOURCE
Original cataloging agency DLC
Transcribing agency DLC
Modifying agency DLC
-- FISKH
Language of cataloging eng
042 ## - AUTHENTICATION CODE
Authentication code lcac
050 00 - LIBRARY OF CONGRESS CALL NUMBER
Classification number PZ7.T5973
Item number Ow 2000
082 00 - DEWEY DECIMAL CLASSIFICATION NUMBER
Classification number 823.914
Edition number 21
100 1# - MAIN ENTRY--PERSONAL NAME
Personal name Tomlinson, Jill.
245 14 - TITLE STATEMENT
Title The owl who was afraid of the dark /
Statement of responsibility, etc. Jill Tomlinson ; illustrated by Paul Howard.
260 ## - PUBLICATION, DISTRIBUTION, ETC.
Place of publication, distribution, etc. London
Name of publisher, distributor, etc. Classics.
Date of publication, distribution, etc. 2016,
300 ## - PHYSICAL DESCRIPTION
Extent 102 pages. :
Other physical details col. ill. ;
Dimensions 24 cm.
505 ## - FORMATTED CONTENTS NOTE
Formatted contents note K
520 ## - SUMMARY, ETC.
Summary, etc. Owls are supposed to be night birds, but young Plop is afraid of the dark, despite how much other people and animals tell him they enjoy it.
521 8# - TARGET AUDIENCE NOTE
Target audience note 550 <br/>
Source Lexile
521 8# - TARGET AUDIENCE NOTE
Target audience note K <br/>
Source Raz-Plus
650 #1 - SUBJECT ADDED ENTRY--TOPICAL TERM
Topical term or geographic name entry element Owls
Form subdivision Fiction.
650 #1 - SUBJECT ADDED ENTRY--TOPICAL TERM
Topical term or geographic name entry element Fear of the dark
Form subdivision Fiction.
700 1# - ADDED ENTRY--PERSONAL NAME
Personal name Howard, Paul,
Dates associated with a name 1967-
Relator term ill.
906 ## - LOCAL DATA ELEMENT F, LDF (RLIN)
a 7
b cbc
c orignew
d 1
e ocip
f 20
g y-gencatlg
942 ## - ADDED ENTRY ELEMENTS (KOHA)
Source of classification or shelving scheme Dewey Decimal Classification
Koha item type Books
Suppress in OPAC No
Holdings
Withdrawn status Lost status Source of classification or shelving scheme Damaged status Not for loan Collection Home library Current library Shelving location Date acquired Total Checkouts Full call number Barcode Date last seen Date last checked out Price effective from Koha item type
    Dewey Decimal Classification     Juvenile Fiction Footprints International School Library Network Toul Kork Campus Footprints International School Library Network Toul Kork Campus TK Primary Library Room(4th Floor), Bookcase 3&4, Shelves 17-32, Yellow Books 03/29/2023 1 TOM 823.914 PZ7.T5973 2023-0069 09/07/2023 08/08/2023 03/29/2023 Books